LEADER 01372nam a2200253 u 4500 001 000000110131 003 CaOOAMICUS 005 20080227122059.0 008 080227s1940 it ab u000 u ita u 040 $aPUL(R)$bita$dBc 100 1 $aGribaudi, Pietro,$d1874-1949.$0(OLS)http://pul/name/56998 245 14$aGli Stati del mondo nella loro vita economica :$b(eccettuata l'Italia con le sue colonie ) /$cPiero Gribaudi. 250 $a2. ed. aggiornata al 30 settembre 1940-XVIII. 260 $aTorino :$bSEI,$c1940. 300 $aviii, 331 p. :$bill., carte geogr. ;$c23 cm. 490 1 $aGeografia generale ed economica ad uso degli istituti tecnici commerciali.Programmi 1936 ;$v3. 500 $aSul front.: In conformitą dei vigenti programmi (7 maggio 1936-XV, n. 762). 650 4$aGeografia economica.$0(OLS)http://pul/subject/7139 830 0$aGeografia generale ed economica ad uso degli istituti tecnici commerciali$pProgrammi 1936 (SEI) ;$v3.$0(OLS)http://pul/title/138476 850 $aPUL 852 $aPUL$W1$xDP1 Cons. Gen., Altre Classi 1$y22$m843 E 5$j126137$qStampati$B124865$CPULBib$Z2$F124865 $H36525 $82 941 1 $a8 996 $6245$aGli Stati del mondo nella loro vita economica :$b(eccettuata l'Italia con le sue colonie )$9(OLS)http://pul/title/138475 996 $6260$aTorino :$bSEI$9(OLS)http://pul/publisher/47967 LEADER 01151nam a2200265 a 4500 001 000000170235 003 CaOOAMICUS 005 20181030142846.0 008 181030s1972 it u000 u ita r 032 $aLibriCat 040 $aPUL$bita 100 1 $aBourke, Vernon Joseph,$d1907-$0(OLS)http://pul/name/6630 245 10$aStoria dell'etica : $besposizione generale della storia dell'etica dai primi pensatori greci ad oggi / $cVernon J. Bourke . 260 $aRoma :$bArmando Armando,$c1972. 300 $a540 p. ; $c22 cm. 490 1 $aFilosofia e problemi d'oggi ;$v17 504 $aContiene riferimenti bibliografici. 650 4$aEtica$xStoria.$0(OLS)http://pul/subject/17187 830 0$aFilosofia e problemi d'oggi ;$v17.$0(OLS)http://pul/title/7949 850 $aPUL 852 $aPUL$W1$xDP1 Fondo Seidl$y56$m4 E 15$j177221$qFondi$B198492$CPULBib$Z2$F198492 $81 941 1 $a1 996 $6245$aStoria dell'etica : $besposizione generale della storia dell'etica dai primi pensatori greci ad oggi / $9(OLS)http://pul/title/210964 996 $6260$aRoma :$bArmando Armando$9(OLS)http://pul/publisher/59532